MANUAL TECNICO: ORGANIZACION EJIDAL/

Gardado en:
Detalles Bibliográficos
Autor Corporativo: México. Secretaría de la Reforma Agraria
Formato: Libro
Temas:
Etiquetas: Engadir etiqueta
Sen Etiquetas, Sexa o primeiro en etiquetar este rexistro!

MARC

LEADER 00000nam^a2200000^a^4500
001 000226106
005 20250521000000.0
009 20260310104151.482
035 |a 044839 
037 |a Acervo Xavier Clavigero 
082 |a 333. 2  |b MAN 
245 1 0 |a MANUAL TECNICO:  |b ORGANIZACION EJIDAL/  |c SECRETARIA DE LA REFORMA AGRARIA 
264 |a MEXICO :  |b INSTITUTO NACIONAL DE CAPACITACION AGRARIA,  |c 1975 
300 |a 56p. 
336 |a texto  |b txt  |2 rdacontenido 
337 |a sin mediación  |b n  |2 rdamedio 
338 |a volumen  |b nc  |2 rdasoporte 
649 |a XX 
650 |a Ejidos 
650 |a Campesinos 
710 |a México.  |b Secretaría de la Reforma Agraria 
910 |a Fondo General 
920 |a Impresos - Libros 
930 |a Colección General 
905 |a 101 
901 |a 044839  |b IT1  |c ACC  |i 044839  |u 20250521 
902 |a https://opac.biblio.iteso.mx/vufind/Record/000226106